Polka King (The) (Record n. 100515)
[ formato base ]
| 000 -LEADER | |
|---|---|
| fixed length control field | 02685njm a2200457Ia 4500 |
| 001 - CONTROL NUMBER | |
| control field | 24145 |
| 003 - CONTROL NUMBER IDENTIFIER | |
| control field | IT-RoPAU |
| 005 - DATE AND TIME OF LATEST TRANSACTION | |
| control field | 20220918181130.0 |
| 008 - FIXED-LENGTH DATA ELEMENTS--GENERAL INFORMATION | |
| fixed length control field | 131025s9999 xx 000 0 und d |
| 040 ## - CATALOGING SOURCE | |
| Original cataloging agency | IT-RoPAU |
| 040 ## - CATALOGING SOURCE | |
| Transcribing agency | IT-RoPAU |
| 999 ## - SYSTEM CONTROL NUMBERS (KOHA) | |
| Koha Dewey Subclass [OBSOLETE] | n.d. |
| 100 ## - MAIN ENTRY--PERSONAL NAME | |
| Personal name | Glahé Will |
| 9 (RLIN) | 9134 |
| 100 ## - MAIN ENTRY--PERSONAL NAME | |
| Relator term | Autore musica |
| 9 (RLIN) | 9135 |
| 100 ## - MAIN ENTRY--PERSONAL NAME | |
| Miscellaneous information | Codice autore musica SPICS: 8033 |
| 9 (RLIN) | 9136 |
| 245 ## - TITLE STATEMENT | |
| Title | Polka King (The) |
| 250 ## - EDITION STATEMENT | |
| Edition statement | 1a ed. |
| 260 ## - PUBLICATION, DISTRIBUTION, ETC. (IMPRINT) | |
| Place of publication, distribution, etc. | LONDON |
| 260 ## - PUBLICATION, DISTRIBUTION, ETC. (IMPRINT) | |
| Name of publisher, distributor, etc. | DECCA RECORD COMPANY |
| Date of publication, distribution, etc. | 1975 [1a Ed.:1975 - Ed. Lingua Orig.: 1975] |
| 300 ## - PHYSICAL DESCRIPTION | |
| Extent | DISCO |
| 500 ## - GENERAL NOTE | |
| General note | Musica strumentale. Musica da ballo. |
| 505 ## - FORMATTED CONTENTS NOTE | |
| Formatted contents note | Kinderfest-Polka - Wettspiele - Juxpolka - Newspaper Boy - Souvenir De Suisse - Beer Barrel Polka (Rosamunde) - Ambross-Polka - O, Susanna - Tanzende Finger - Krakowiak - Klarinetten Polka - Standchen (Serenade) - The Mill in the Black Forest - Am Abend Auf Der Heide |
| 650 ## - SUBJECT ADDED ENTRY--TOPICAL TERM | |
| Topical term or geographic name as entry element | BALLO [DISCHI] |
| Relator term | Codice MATERIA SPICS: 9950 |
| 9 (RLIN) | 6536 |
| 700 ## - ADDED ENTRY--PERSONAL NAME | |
| Personal name | Glahé Will |
| Miscellaneous information | Codice interprete SPICS: 8033 |
| Relator term | Interprete |
| 9 (RLIN) | 9137 |
| 700 ## - ADDED ENTRY--PERSONAL NAME | |
| Personal name | Brown |
| Miscellaneous information | Codice autore musica SPICS: 20445 |
| Relator term | Autore musica |
| Name of part/section of a work | Beer Barrel Polka (Rosamunde) |
| 9 (RLIN) | 9138 |
| 700 ## - ADDED ENTRY--PERSONAL NAME | |
| Personal name | Vejvoda Jaromir |
| Miscellaneous information | Codice autore SPICS: 13982 |
| Relator term | Autore |
| Name of part/section of a work | Beer Barrel Polka (Rosamunde) |
| 9 (RLIN) | 9139 |
| 700 ## - ADDED ENTRY--PERSONAL NAME | |
| Personal name | Timm |
| Miscellaneous information | Codice autore testo/musica SPICS: 26071 |
| Relator term | Autore testo/musica |
| Name of part/section of a work | Beer Barrel Polka (Rosamunde) |
| 9 (RLIN) | 9140 |
| 700 ## - ADDED ENTRY--PERSONAL NAME | |
| Personal name | Parlow |
| Miscellaneous information | Codice autore musica SPICS: 27142 |
| Relator term | Autore musica |
| Name of part/section of a work | Ambross-Polka |
| 9 (RLIN) | 9141 |
| 700 ## - ADDED ENTRY--PERSONAL NAME | |
| Personal name | Breuer Ianos |
| Miscellaneous information | Codice autore SPICS: 23827 |
| Relator term | Autore |
| Name of part/section of a work | Ambross-Polka |
| 9 (RLIN) | 9142 |
| 700 ## - ADDED ENTRY--PERSONAL NAME | |
| Personal name | Hinsch |
| Miscellaneous information | Codice autore musica SPICS: 27143 |
| Relator term | Autore musica |
| Name of part/section of a work | O, Susanna |
| 9 (RLIN) | 9143 |
| 700 ## - ADDED ENTRY--PERSONAL NAME | |
| Personal name | Glahé Will |
| Miscellaneous information | Codice autore SPICS: 8033 |
| Relator term | Autore |
| Name of part/section of a work | O, Susanna - Tanzende Finger - Krakowiak - Klarinetten Polka - Standchen (Serenade) - The Mill in the Black Forest |
| 9 (RLIN) | 9144 |
| 700 ## - ADDED ENTRY--PERSONAL NAME | |
| Personal name | Gerlach |
| Miscellaneous information | Codice autore musica SPICS: 13981 |
| Relator term | Autore musica |
| Name of part/section of a work | Tanzende Finger |
| 9 (RLIN) | 9145 |
| 700 ## - ADDED ENTRY--PERSONAL NAME | |
| Personal name | AA.VV. |
| Miscellaneous information | Codice autore musica SPICS: 12000 |
| Relator term | Autore musica |
| Name of part/section of a work | Krakowiak |
| 9 (RLIN) | 9146 |
| 700 ## - ADDED ENTRY--PERSONAL NAME | |
| Personal name | Anonimo |
| Miscellaneous information | Codice autore musica SPICS: 2620 |
| Relator term | Autore musica |
| Name of part/section of a work | Klarinetten Polka |
| 9 (RLIN) | 9147 |
| 700 ## - ADDED ENTRY--PERSONAL NAME | |
| Personal name | Heykens J. |
| Miscellaneous information | Codice autore musica SPICS: 13768 |
| Relator term | Autore musica |
| Name of part/section of a work | Standchen (Serenade) |
| 9 (RLIN) | 9148 |
| 700 ## - ADDED ENTRY--PERSONAL NAME | |
| Personal name | Eilenberg |
| Miscellaneous information | Codice autore musica SPICS: 14491 |
| Relator term | Autore musica |
| Name of part/section of a work | The Mill in the Black Forest |
| 9 (RLIN) | 9149 |
| 700 ## - ADDED ENTRY--PERSONAL NAME | |
| Personal name | Di Lazzaro Eldo |
| Miscellaneous information | Codice autore musica SPICS: 13500 |
| Relator term | Autore musica |
| Name of part/section of a work | Am Abend Auf Der Heide |
| 9 (RLIN) | 9150 |
| 700 ## - ADDED ENTRY--PERSONAL NAME | |
| Personal name | Richter Frantisek Xaver |
| Miscellaneous information | Codice autore SPICS: 14275 |
| Relator term | Autore |
| Name of part/section of a work | Am Abend Auf Der Heide |
| 9 (RLIN) | 9151 |
| 700 ## - ADDED ENTRY--PERSONAL NAME | |
| Personal name | Reiter |
| Miscellaneous information | Codice autore testo/musica SPICS: 18011 |
| Relator term | Autore testo/musica |
| Name of part/section of a work | Am Abend Auf Der Heide |
| 9 (RLIN) | 9152 |
| 942 ## - ADDED ENTRY ELEMENTS (KOHA) | |
| Koha item type | DISCHI |
| Source of classification or shelving scheme | Dewey Decimal Classification |
| Withdrawn status | Lost status | Damaged status | Not for loan | Home library | Current library | Date acquired | Total Checkouts | Full call number | Date last seen | Price effective from | Koha item type | Public note |
|---|---|---|---|---|---|---|---|---|---|---|---|---|
| Buone Condizioni | Not For Loan | SPICS-MEDIATECA | SPICS-MEDIATECA | 25/10/2013 | 24145 | 25/10/2013 | 25/10/2013 | DISCHI | Progr. Ins.: 4992 / N.Vol.: n.d. / Copie: 1 - Copia rara: n.d. / date import: 01.01.2014 - By Epidotti, Trombetti, Vaglietti |